Teaching online : (Record no. 359387)
[ view plain ]
| 000 -LEADER | |
|---|---|
| fixed length control field | 00454nam a2200145Ia 4500 |
| 008 - FIXED-LENGTH DATA ELEMENTS--GENERAL INFORMATION | |
| fixed length control field | 181023s9999 xx 000 0 und d |
| 020 ## - INTERNATIONAL STANDARD BOOK NUMBER | |
| International Standard Book Number | 9780415832434 |
| 100 ## - MAIN ENTRY--PERSONAL NAME | |
| Personal name | Ko, Susan. |
| 245 ## - TITLE STATEMENT | |
| Statement of responsibility, etc | Susan Ko, Steve Rossen.-- |
| Title | Teaching online : |
| Remainder of title | a practical guide / |
| 250 ## - EDITION STATEMENT | |
| Edition statement | 4th ed |
| 260 ## - PUBLICATION, DISTRIBUTION, ETC. (IMPRINT) | |
| Place of publication, distribution, etc | New York : |
| Name of publisher, distributor, etc | Routledge |
| Date of publication, distribution, etc | 2017 |
| 300 ## - PHYSICAL DESCRIPTION | |
| Extent | xxiii, 486 pages. |
| 650 ## - SUBJECT ADDED ENTRY--TOPICAL TERM | |
| Topical term or geographic name as entry element | Distance education. |
| 650 ## - SUBJECT ADDED ENTRY--TOPICAL TERM | |
| Topical term or geographic name as entry element | Education, Higher -- computer-assisted instruction. |
| Withdrawn status | Lost status | Damaged status | Home library | Current library | Shelving location | Date acquired | Source of acquisition | Total Checkouts | Full call number | Barcode | Date last seen | Price effective from | Koha item type |
|---|---|---|---|---|---|---|---|---|---|---|---|---|---|
| College Library | College Library | Reserve Section | 10/23/2018 | Library Fund | LB 2395.7 .K75 2017 | C21746 | 10/23/2018 | 10/23/2018 | Books |